00253nam a2200073Ia 4500082001900000245005900019100006000078008004100138 aMERM-PCRL-PEZL 0aINDLELA ILUKHUNI : Likhetselo Letindzaba Letimfishane  a Magagula Modison Salayedvwa Manzini, 1993 Rev. ed 210817s9999 xx 000 0 und d